Responses for show #8518 - Wednesday, November 24, 2021

Amy Schneider game 6.

Contestants

[<< previous game]

Dan Brady, a retired market researcher from Edgewood, Kentucky

Madeline Hornsey, a teacher from Carrollton, Texas

Amy Schneider, an engineering manager from Oakland, California (whose 5-day cash winnings total $170,400)

[next game >>]

Jeopardy! Round responses

PRESIDENTIAL THIS & THAT
TV
RUFF CROWD
PERIODS OF TIME
IN THAT COUNTRY
LATIN PHRASES
    $200 11
Ike

Madeline
    $200 17
Ted Lasso

Amy
    $200 12
K9 (Cinemas)

Amy
    $200 1
the Reign

Madeline
    $200 22
Egypt

Madeline
    $200 6
mea culpa

Madeline
    $400 13
a dark horse

Amy
    $400 18
Gossip Girl

Madeline
    $400 30
the Cleveland Browns

Amy
    $400 2
instant

Amy
    $400 23
Cambodia

Amy
    $400 7
[Laughter]

seize the wine

Amy
    $600 14
Grant

Amy
    $600 19
(Ken: That's some Gen X nostalgia for you...)

Beverly Hills, 90210

Triple Stumper
    $600 29
the American Kennel Club

Amy
    $600 3
The Afternoon

Madeline
    $600 24
Austria

Madeline
    $600 8
ad infinitum

Amy
    $800 15
left-handedness

Amy
    $800 20
Angel

Amy
    $800 28
Sophie Turner

Madeline
    $800 4
the watch

Madeline
    $800 25
Venezuela

Amy
    $1,000 9
let the seller beware

Amy
    $1000 16
Hoover

Dan
    $1000 21
Kim's Convenience

Amy
    $1000 27
German Shepherds

Triple Stumper
    $1000 5
(Amy: What is oral fixation?)

the oral stage

Amy
Triple Stumper
    $1000 26
(Ken: Dan, you've responded to three clues correctly and you have $3,000.)

Canada

Dan
    $1000 10
prima facie

Dan

Scores at the first commercial break (after clue 15):

Amy Madeline Dan
$3,400 $2,000 $1,000

Scores at the end of the Jeopardy! Round:

Amy Madeline Dan
$7,600 $4,000 $3,000

Double Jeopardy! Round responses

LET'S GO SEE THE BAND!
(Ken: Each clue and image will both refer to the same popular group.)
THINGS IN LITERARY TITLES
NAMED FOR A PLACE
NEWS
WEATHER
SHORTZ
    $400 26
Oasis

Amy
    $400 6
The Rainbow

Triple Stumper
    $400 27
a danish

Madeline
    $400 13
emergency

Amy
    $400 18
a snowflake

Dan
    $400 30
across & down

Amy
    $800 25
The Beach Boys

Dan
    $800 7
(Dan: What is the Sorting Hat?)

the Goblet of Fire

MadelineDan
    $800 4
bikini

Madeline
    $800 14
a fire

Amy
    $800 28
humidity

Amy
    $800 29
(Dan: What is... backache?)

a stomachache

Dan
Triple Stumper
    $1200 24
U-2

Amy
    $1200 10
The Crucible

Amy
    $1200 3
Fez

Dan
    $1200 15
Newsom

Amy
    $1200 20
hail

Madeline
    $1200 9
KenKen

Amy
    $1600 22
Chicago

Amy
    $1600 11
(Ken: It's [*]; The [*] of San Luis Rey.)

a bridge

Triple Stumper
    $1600 1
(Dan: What is Maine?)
(Amy: What is Massachusetts?)

Connecticut

AmyDan
Triple Stumper
    $1600 16
speedometers

Amy
    $1600 8
the troposphere

Madeline
    $1600 23
puns & anagrams

Amy
    $2000 5
Iron Maiden

Amy
    $4,000 12
the red badge of courage

Amy
    $1,000 2
(Ken: She was Polish, that's correct.)

polonium

Dan
    $2000 17
(Madeline: What is the ambassador to France?)

the French ambassador

AmyMadeline
    $2000 19
scirocco

Dan
    $2000 21
(Ken: And the answer to the riddle, by the way, is the five vowels which you find in order in the words "a tennis court".)

Edward Nygma (E. Nygma)

Triple Stumper

Scores at the end of the Double Jeopardy! Round:

Amy Madeline Dan
$26,400 $6,800 $5,200
(lock game)

[wagering suggestions for these scores]

Final Jeopardy! Round responses

AWARDS & HONORS
(Ken: [To Madeline] That's close, but not quite right.)
...
(Ken: [To Amy] [*] of London, the world's oldest scientific organization of its kind.)
DanWhat is the Caldecott
$2,200
MadelineWhat is the Royal Academy?
$3,800
AmyWhat is the Royal Society?
$11,000
the Royal Society

Final scores:

Amy Madeline Dan
$37,400 $3,000 $3,000
6-day champion: $207,800 2nd place: $2,000 3rd place: $1,000

Game dynamics:

Coryat scores:

Amy Madeline Dan
$24,200 $6,800 $6,200
30 R
(including 2 DDs),
2 W
14 R,
1 W
8 R
(including 1 DD),
3 W

Combined Coryat: $37,200

The J! Archive is created by fans, for fans. The Jeopardy! game show and all elements thereof, including but not limited to copyright and trademark thereto, are the property of Jeopardy Productions, Inc. and are protected under law. This website is not affiliated with, sponsored by, or operated by Jeopardy Productions, Inc. Join the discussion at JBoard.tv.